Computers and international socio-economic problems
Salvato in:
| Altri autori: | |
|---|---|
| Natura: | Libro |
| Lingua: | inglese |
| Pubblicazione: |
Amsterdam
North-Holland
1987
|
| Soggetti: | |
| Tags: |
Nessun Tag, puoi essere il primo ad aggiungerne!!
|
MARC
| LEADER | 00000nam a2200000 4500 | ||
|---|---|---|---|
| 001 | c101982 | ||
| 005 | 20221123135151.5 | ||
| 020 | |a 0-444-70229-6 | ||
| 041 | 0 | |a eng | |
| 044 | |a nl | ||
| 245 | 1 | 0 | |a Computers and international socio-economic problems |c edited by Harold Sackman |
| 264 | 1 | |a Amsterdam |b North-Holland |c 1987 | |
| 300 | |a 608 s. | ||
| 610 | 2 | 0 | |a počítače |
| 610 | 2 | 0 | |a problémy spoločenské |
| 610 | 2 | 0 | |a procesy sociálno-ekonomické |
| 610 | 2 | 0 | |a proces informačný |
| 610 | 2 | 0 | |a ochrana dát |
| 610 | 2 | 0 | |a správa oblastná |
| 610 | 2 | 0 | |a krajiny rozvojové |
| 610 | 2 | 0 | |a spolupráca medzinárodná |
| 610 | 2 | 0 | |a technológie informačné |
| 610 | 2 | 0 | |a automatizácia |
| 610 | 2 | 0 | |a technológie nové |
| 610 | 2 | 0 | |a Európska únia |
| 610 | 2 | 0 | |a systémy informačné |
| 610 | 2 | 0 | |a pracovisko |
| 610 | 2 | 0 | |a ženy |
| 610 | 2 | 0 | |a kariéra |
| 610 | 2 | 0 | |a využitie počítačov |
| 610 | 2 | 0 | |a Európa |
| 700 | 1 | |a Sackman, Harold | |